| 000 | 00623nam a2200229 a 4500 | ||
|---|---|---|---|
| 008 | |||
| 020 | _a0070099340 (hbk. ) | ||
| 049 | _aMAIN | ||
| 090 | _aQD251.2 CAR | ||
| 100 | _aCarey, Francis A. | ||
| 245 | 1 | 0 |
_aOrganic Chemistry/ _cCarey Francis A. |
| 260 |
_aNew York : _bMacGraw-Hill, _c1992 |
||
| 300 | _a2nd ed. | ||
| 300 |
_axxx, 1274p. : _bill.(some col.) ; _c26cm |
||
| 500 | _aIncludes index. | ||
| 650 | 1 |
_aChemistry _vOrganic |
|
| 907 |
_a.b10182354 _b09-12-11 _c12-12-05 |
||
| 003 | |||
| 005 | 20230123134309.0 | ||
| 040 | _cNUST | ||
| 942 |
_cBOOKS _kQD251.2 CAR |
||
| 999 |
_c163449 _d163449 |
||